000 00704nam a2200301Ia 4500
008 160321s9999||||xx |||||||||||||| ||und||
040 _cMarathi
082 _aviii.A/Dixit
082 _bBORI-56437
100 _aShankar Balkrushna dixit
245 _aJyotirvilas
260 _apune
260 _bJagdhitechu
260 _c1892
300 _a260
300 _cB
300 _ePaperback
530 _bIyer
530 _u00069502.pdf
563 _aStudy
600 _aShankar Balkrushna dixit
630 _aJyotirvilas
650 _a"Astronomy,Astrology,Maths"
650 _aTechnical science
700 _aShankar Balkrushna dixit
730 _aJyotirvilas
942 _cBOOK
999 _c1365684
_d1365681